000 00944nam a2200205 i 4500
001 153657
003 ES-MaACL
005 20230906205328.0
008 000508m18891890sp a |||| | spa d
040 _aCAM
_bspa
_cCAM
245 0 0 _aEnfermedades del aparato quilopiético /
_cpor C.A. Ewald ... [et al.] ; versión española del dr. Francisco Vallina.
260 _aMadrid :
_b[s.n.],
_c1889-1890 (
_fEstablecimiento tipográfico "Sucesores de Rivadeneyra")
300 _a4 v. :
_bil. ;
_c24 cm.
490 1 _aTratado enciclopédico de patologia médica y terapéutica / bajo la dirección del dr. H. Ziemssen ;
_v10; 11; 12; 13
700 1 _aVallina, Francisco.
_9133527
700 1 _aZiemssen, H.
_9134044
830 0 _aTratado enciclopédico de patologia médica y terapéutica / bajo la dirección del dr. H. Ziemssen ;
_v10; 11; 12; 13
_9221426
852 _aES-MaACL
_jB-12229-32
_z-- Enc. pasta española
999 _c153657
_d153657